000 03716nam0a2200397 4500
001 RU\NLR\BIBL_A\016225490
005 20230317160048.0
010 _a978-5-94836-654-8
_9200
021 _aRU
_bКН-П-22-078462
_9КН-П-22-6866
035 _a(NLR Aleph) 016225490
035 _a(RuMoRGB)011352453
090 _a12751340
_c12751340
100 _a20221202d2022 u y0rusy50 ca
101 0 _arus
102 _aRU
105 _aac z 000zy
181 0 _ai3
_baxxe
182 0 _an
200 1 _aПрименение полимерных агентов снижения сопротивления в трубопроводном транспорте нефти
_eмонография
_fГ. В. Несын, В. В. Жолобов, Ф. С. Зверев [и др.]
_gНИИ Транснефть, Научно-исследовательский институт трубопроводного транспорта
203 _aТекст
_bвизуальный
_cнепосредственный
210 _aМосква
_cТехносфера
_d2022
215 _a309 с.
_cил., цв. ил., портр.
_d25
300 _aНесын Г. В., д-р хим. наук, почет. нефтехимик, Жолобов В. В., д-р физ.-мат. наук, Зверев Ф. С., канд. техн. наук [и др.]
320 _aБиблиогр. в конце разд. и в тексте
330 _aНефтепроводы и продуктопроводы - одно из наиболее эффективных средств транспортирования энергоносителей. Одним из самых результативных методов увеличения пропускной способности трубопроводной сети является использование эффекта Томса, на котором реализована технология использования противотурбулентных присадок. Добавление в жидкую углеводородную среду растворимых полимеров в крайне малой концентрации резко снижает гидродинамическое сопротивление турбулентному течению в области больших чисел Рейнольдса. В монографии обсуждаются факторы, оказывающие влияние на поведение макромолекул в турбулентном потоке и особенности применения технологии в магистральном транспорте нефти и нефтепродуктов. Это растворимость и молекулярная масса полимера, природа углеводородной жидкости и режим перекачки. Большое внимание уделено полимерам высших альфа-олефинов, которые являются основой противотурбулентных присадок (ПТП) ведущих производителей
606 1 _aНефть
_xПерекачка с разбавителями
_91890519
_3RU\NLR\AUTH\66859789
675 _a621.64:622.33:620.179
_v4
686 _a39.7
_2rubbks
686 1 _aО77-082.025.2
701 1 _aНесын
_bГ. В.
_gГеоргий Викторович
701 1 _aЖолобов
_bВ. В.
_gВладимир Васильевич
701 1 _aЗверев
_bФ. С.
_gФёдор Сергеевич
942 _cBOOK
980 _aNB